Statistiche per Mai dire gol

Clicka qui per fare il quiz!

Statistiche generali

  • Questo quiz è stato fatto 8 volte
  • Il punteggio medio è 5 su 21

Statistiche sulle risposte

HintRisposta% Corretto
1998-2001Fabio De Luigi
100%
1993-1994Antonio Albanese
63%
1994-1997Aldo, Giovanni, Giacomo
38%
1995-1999Claudio Bisio
38%
1995-1997Marina Massironi
38%
1998-2001Maurizio Crozza
38%
1990-1995Teo Teocoli
38%
1995-1997Francesco Paolantoni
25%
2000-2001Paola Cortellesi
25%
1996-1998 e 2001Paolo Hendel
25%
1997-1998Ale e Franz
13%
1995-1997Bebo Storti
13%
1996-1998Daniele Luttazzi
13%
1992-1993Gene Gnocchi
13%
2001Luca e Paolo
13%
1997-2000Luciana Littizzetto
13%
1995-1997Raul Cremona
13%
1998-2001Ugo Dighero
13%
2001Dario Vergassola
0%
1997-2001Gioele Dix
0%
1993-1995Marco Milano
0%

Distribuzione punteggi

Percentile per numero di risposta

Percentuale di utenti per punteggio

I tuoi punteggi nel tempo

Non hai fatto questo quiz